|
|
|
|
| LEADER |
01210nam a2200301 a 4500 |
| 001 |
000557314 |
| 003 |
CZ BrMZK |
| 005 |
20060203081127.0 |
| 007 |
ta |
| 008 |
000105s1991 xr f cze d |
| 015 |
|
|
|a cnb000067947
|
| 035 |
|
|
|a (OCoLC)39598882
|
| 040 |
|
|
|a BOA001
|b cze
|
| 080 |
|
|
|a 519.682Turbo Pascal6.0
|2 MRF
|
| 100 |
1 |
|
|a Novák, Tomáš,
|d 1971-
|7 ntka173581
|4 aut
|
| 245 |
1 |
0 |
|a Turbo Pascal 6 :
|b referenční příručka /
|c Tomáš Novák
|
| 260 |
|
|
|a Praha :
|b Grada,
|c 1991
|
| 300 |
|
|
|a 149 s.
|
| 490 |
1 |
|
|a Nestůjte za dveřmi
|
| 830 |
|
0 |
|a Nestůjte za dveřmi (Grada)
|0 s
|
| 856 |
4 |
1 |
|u http://www.digitalniknihovna.cz/mzk/uuid/uuid:bb28f7d0-a5c9-11e2-8b87-005056827e51
|y Digitalizovaný dokument
|x NDK
|
| 910 |
|
|
|a BOA001
|b 2-0973.268
|b TK-0249.024
|
| 920 |
|
|
|a 000107214
|
| 964 |
|
|
|a Turbo Pascal 6.0 (jazyk programovací) - příručky referenční
|
| 990 |
|
|
|a BK
|
| 996 |
7 |
|
|b 2619346541
|c 2-0973.268
|l MZK
|r Sklad / do 1 hodiny
|n 0
|w 000557314
|u 000010
|a 1
|e BOA001
|j MZK50
|s A
|
| 996 |
7 |
|
|b 2629980154
|c TK-0249.024
|l MZK
|r Sklad / do 24 hodin
|n 0
|w 000557314
|u 000030
|a 1
|e BOA001
|j MZK50
|s A
|
| 996 |
7 |
|
|b 2629987538
|c TK-0249.024
|l MZK
|r Sklad / do 24 hodin
|n 1
|w 000557314
|u 000020
|a 1
|e BOA001
|j MZK50
|s A
|